000 01813cam a22004934i 4500
003 PE-LiUPU
005 20250731173305.0
008 150625s2004 caua r 000 0 spa d
020 _a0758904983
035 _a(Sirsi) i9780758904980
040 _aPE-LiUPU
_bspa
_cPE-LiUPU
_erda
049 _aPRUA
082 0 4 _a231.7
_bH36
_221
100 1 _aHeinze, Thomas F.,
_eautor.
245 1 0 _aCómo principió la vida /
_cTomas F. Heinze.
264 1 _aOntario, CA :
_bChick Publications,
_c2004.
300 _a158 páginas :
_bilustraciones, figura ;
_c19 centímetros.
336 _atext
_2rdacontent
337 _aunmediated
_2rdamedia
338 _avolume
_2rdacarrier
490 1 _aRespuestas a mis amigos los evolucionistas
504 _aIncluye referencias bibliográficas al pié de algunas páginas.
505 0 _aPoteínas y tiempo -- ¿Podrían unirse las partes de una célula? -- La información de la célula -- Conclusiones -- El mensaje.
526 _aSEG42
526 _aSEG41
526 _aSEG40
526 _aSEG39
526 _aP94
526 _aP87
526 _aP86
526 _aP85
526 _aP77
526 _aP76
526 _aP35
541 _g001-0014804;
630 _aBiblia y Evolución.
650 0 4 _aEvolución
_xAspectos religiosos.
_91434
650 0 4 _aOrigen de la vida
_xAspectos religiosos.
942 _2ddc
_cBOOK
949 _a231.7 H36
_wDEWEY
_c1
_i55786
_lCCODEBUL1
_mBUL
_p13.00
_r0
_sY
_tBOOK
_u2015-6-25
_xTEOLOGIA
_zUNKNOWN
_0COMPRA
_o.STAFF. Colección Teología
994 _aC0
_bPEPRU
596 _a1
999 _a231.7 H36
_wDEWEY
_c44659
_i55786
_d44659
_e2017-9-21
_f2021-11-9
_g5
_lCCODEBUL1
_mBUL
_n1
_p13.00
_r0
_sY
_tBOOK
_u2015-6-25
_xTEOLOGIA
_PP35
_0COMPRA
_o.STAFF. Colección Teología
980 _81
_gALBERTO SANCHEZ Responsable de Automatización